000
00329nam a2200133Ia 4500
005
20251222155103.0
008
251222s9999||||xx |||||||||||||| ||spa||
082
_a
LEN.61
100
_a
STEVENSON, Robert L.
245
0
_a
El extraño caso del Dr. Jekyll y Mr. Hyde
250
_a
1ra. ed.
264
_b
El comercio
942
_c
LIB
999
_c
37739
_d
37739